00344nam a22001097a 4500020000800000040001600008082001300024100004200037245007200079260005400151300002900205 qHB. cFIZZA ISHAQ a031bGRO a Jeffrey H. Hacker, Bernard S. Cayne. aEncyclopedia Yearbook, 1987 /c Bernard S. Cayne Jeffrey H. Hacker. aNew York: bGrolier Incorporated Yearbook,c1987. a 608 p. : ill. ; c26 cm